Statistics for Turkey National Football Team

Click here to take the quiz!

General Stats

  • This quiz has been taken 417 times
    (100 since last reset)
  • The average score is 5 of 16

Answer Stats

GoalsCapsPlayer% Correct
3177Burak Yılmaz
81%
51112Hakan Şükür
66%
17100Arda Turan
63%
1884Hakan Çalhanoğlu
48%
1944Cemil Turan
45%
0120Rüştü Reçber
44%
782Hamit Altıntop
35%
9101Emre Belözoğlu
34%
1969Nihat Kahveci
28%
3102Bülent Korkmaz
22%
2050Cenk Tosun
21%
1936Metin Oktay
17%
281Mehmet Topal
14%
294Tugay Kerimoğlu
13%
2146Lefter Küçükandonyadis
9%
490Alpay Özalan
6%

Score Distribution

Percentile by Number Answered

Percent of People with Each Score

Your Score History

You have not taken this quiz since the last reset